| 000 | 00649aam a2200217 4500 | ||
|---|---|---|---|
| 001 | 7372 | ||
| 003 | Uk | ||
| 005 | 20250613154143.0 | ||
| 006 | m || d | | ||
| 007 | cr ||||||||||| | ||
| 008 | 040401s2004 enka ob 001 0 eng | ||
| 020 | _a9780877455288 | ||
| 082 | 0 | 4 | _a306.094912 PAL |
| 100 | 1 | _aPalsson, Gisli & Durrenberger, Paul (Ed.) | |
| 245 | 1 | 0 |
_aImages of contemporary Iceland : _beveryday lives and global contexts. |
| 260 |
_aIowa : _bUniversity of Iowa Press, _c1996. |
||
| 300 |
_avii, 267 p. : _bill, : _c25 cm. |
||
| 504 | _aIncludes bibliographical references and index. | ||
| 800 | _aPalsson, Gisli. | ||
| 942 |
_2ddc _cMAIN |
||
| 999 |
_c10379 _d10380 |
||